Ciudades en las que se ha celebrado Eurovisión (con un mapa) - Estadísticas

Estadísticas generales
  • Esta prueba ha sido intentada 671 veces
    146 desde el último reinicio
  • La puntuación promedio es 34 de 46
Respuestas en el mapa
Las respuestas están codificadas por una escala verde-roja en el mapa de la prueba según el % correcto abajo.
 
Estadísticas de respuestas
Años en los que se celebró ahí Ciudad % Correcto
1969 Madrid
100%
2018 Lisboa
99%
1960, 1963,1968,1977 Londres
99%
1991 Roma
99%
1971,1981,1988,1994,1995,1997 Dublín
98%
1978 París
98%
1996,2010 Oslo
97%
2009 Moscú
95%
2006 Atenas
94%
1975,2000,2016 Estocolmo
94%
2005,2017 Kiev
94%
1967,2015 Viena
93%
1987 Bruselas
90%
1965 Nápoles
90%
1970 Ámsterdam
89%
2007 Helsinki
89%
2023 Liverpool
89%
2002 Tallin
85%
2004 Estambul
84%
1964,2001,2014 Copenhague
83%
1992,2013,2024 Malmö
83%
2003 Riga
83%
Iba a ser anfitriona en 2020 pero el festival fue cancelado, se celebró aquí en 2021 Rotterdam
83%
2022 Turín
83%
1990 Zagreb
83%
2008 Belgrado
81%
1983 Múnich
79%
2019 Tel Aviv
79%
1962,1966,1973,1984 Ciudad de Luxemburgo
77%
1972 Edimburgo
75%
1979,1999 Jerusalén
72%
2025 Basilea
70%
1976,1980 La Haya
69%
2012 Bakú
64%
1957 Fráncfort del Meno
63%
1998 Birmingham
61%
2011 Düsseldorf
52%
1985 Gotemburgo
44%
1986 Bergen
42%
1959,1961 Cannes
37%
1956 Lugano
36%
1989 Lausana
33%
1974 Brighton
30%
1993 Millstreet
19%
1982 Harrogate
16%
1958 Hilversum
15%
No se encontraron pruebas coincidentes
Distribución de puntuación
Porcentaje de gente con cada puntuación
Porcentaje por número respondido
Historial de tus puntuaciones
No has intentado esta prueba desde el último reinicio